| 000 -LEADER |
| fixed length control field |
01296nam a2200241Ia 4500 |
| 001 - CONTROL NUMBER |
| control field |
16295 |
| 003 - CONTROL NUMBER IDENTIFIER |
| control field |
GE_BSU |
| 008 - FIXED-LENGTH DATA ELEMENTS--GENERAL INFORMATION |
| fixed length control field |
181216s||||||||xx |||||||||||||| ||und|| |
| 040 ## - CATALOGING SOURCE |
| Transcribing agency |
GE_BSU |
| 080 ## - UNIVERSAL DECIMAL CLASSIFICATION NUMBER |
| Universal Decimal Classification number |
342.743(479.22)(094.4.072) |
| 100 ## - MAIN ENTRY--PERSONAL NAME |
| Personal name |
ხმალაძე, ვახტანგ,ირაკლი შავიშვილი, დავით ხატიაშვილი |
| 245 ## - TITLE STATEMENT |
| Title |
საქართველოს საგადასახადო კოდექსის კომენტარები |
| 245 ## - TITLE STATEMENT |
| Remainder of title |
მომზადებულია 2005 წლის 25 ოქტომბრის მდგომარეობით |
| 245 ## - TITLE STATEMENT |
| Statement of responsibility, etc. |
რედ.: მიხეილ ჯიბუტი,(მთ. რედ.) |
| 260 ## - PUBLICATION, DISTRIBUTION, ETC. |
| Place of publication, distribution, etc. |
თბილისი |
| 260 ## - PUBLICATION, DISTRIBUTION, ETC. |
| Name of publisher, distributor, etc. |
საქ. პროფ. ბუღალტერთა და აუდიტორთა ფედერაცია. |
| 260 ## - PUBLICATION, DISTRIBUTION, ETC. |
| Date of publication, distribution, etc. |
2005 |
| 300 ## - PHYSICAL DESCRIPTION |
| Extent |
735გვ;21სმ |
| 653 ## - INDEX TERM--UNCONTROLLED |
| Uncontrolled term |
სამართალი |
| 653 ## - INDEX TERM--UNCONTROLLED |
| Uncontrolled term |
საქართველოს საგადასახადო კოდექსის კომენტარები; საქართველოს საგადასახადო სისტემა; |
| 942 ## - ADDED ENTRY ELEMENTS (KOHA) |
| Koha item type |
წიგნი |